Őszre új igazgatót kap a kultúrpalota A múzeumi bizottság megkezdte az elavult szabályrendelet módosításának tárgyalását
Elmentve itt :
| Dokumentumtípus: | Cikk |
|---|---|
| Megjelent: |
1935-04-19
|
| Sorozat: | Délmagyarország
11 No. 86 |
| Kulcsszavak: | Múzeum Szeged |
| Online Access: | http://dmarchiv.bibl.u-szeged.hu/48847 |
| LEADER | 00507nab a2200145 i 4500 | ||
|---|---|---|---|
| 001 | delm48847 | ||
| 005 | 20180927134856.0 | ||
| 008 | 180927s1935 hu o 0|| hun d | ||
| 040 | |a SZTE Délmagyarország Archívum |b hun | ||
| 041 | |a hun | ||
| 245 | 0 | 0 | |a Őszre új igazgatót kap a kultúrpalota |h [elektronikus dokumentum] : |b A múzeumi bizottság megkezdte az elavult szabályrendelet módosításának tárgyalását |
| 260 | |c 1935-04-19 | ||
| 300 | |a 3 | ||
| 490 | 0 | |a Délmagyarország |v 11 No. 86 | |
| 695 | |a Múzeum Szeged | ||